Regularized System Identification. Learning Dynamic Models from Data

This open access book provides a comprehensive treatment of recent developments in kernel-based identification that are of interest to anyone engaged in learning dynamic systems from data. The reader is led step by step into understanding of a novel paradigm that leverages the power of machine learn...

Celý popis

Uloženo v:
Podrobná bibliografie
Hlavní autoři: Pillonetto, Gianluigi (Autor), Chen, Tianshi (Autor), Chiuso, Alessandro (Autor), De Nicolao, Giuseppe (Autor), Ljung, Lennart (Autor)
Médium: Elektronický zdroj Kniha
Jazyk:angličtina
Vydáno: Cham, Switzerland: Springer, 2022.
Edice:Communications and Control Engineering (CCE).
Témata:
On-line přístup:Disponible Online.
Tagy: Přidat tag
Žádné tagy, Buďte první, kdo vytvoří štítek k tomuto záznamu!

MARC

LEADER 00000nam a22000007a 4500
003 CL-VaPUC
005 20241204123753.0
008 241104t2022 ||||| |||| 00| 0 eng d
999 |c 445416  |d 445414 
020 |a 978-3-030-95860-2 (eBook) 
024 |2 DOI  |a 10.1007/978-3-030-95860-2 
040 |c Pontificia Universidad Católica de Valparaíso 
100 |9 893070  |a Pillonetto, Gianluigi  |e author 
245 |a Regularized System Identification.  |b Learning Dynamic Models from Data  |h [electronic resource]. 
260 |a Cham, Switzerland:  |b Springer,  |c 2022. 
300 |a xxiv, 377 páginas:  |b ilustraciones. 
490 |a Communications and Control Engineering (CCE). 
506 1 |a Open Access. 
520 |a This open access book provides a comprehensive treatment of recent developments in kernel-based identification that are of interest to anyone engaged in learning dynamic systems from data. The reader is led step by step into understanding of a novel paradigm that leverages the power of machine learning without losing sight of the system-theoretical principles of black-box identification. The authors’ reformulation of the identification problem in the light of regularization theory not only offers new insight on classical questions, but paves the way to new and powerful algorithms for a variety of linear and nonlinear problems. Regression methods such as regularization networks and support vector machines are the basis of techniques that extend the function-estimation problem to the estimation of dynamic models. Many examples, also from real-world applications, illustrate the comparative advantages of the new nonparametric approach with respect to classic parametric prediction error methods. The challenges it addresses lie at the intersection of several disciplines so Regularized System Identification will be of interest to a variety of researchers and practitioners in the areas of control systems, machine learning, statistics, and data science. This is an open access book. 
583 |c 20241104  |k Yessy Sthefany Diaz Vidal 
650 0 |9 260496  |a Sistemas dinámicos   |v Sistemas lineales y no lineales 
650 0 |9 460869  |a Probabilidad y estadística  |v Regresión lineal 
650 0 |9 260742  |a Teoría de sistemas  |x Aprendizaje automático 
700 |9 893071  |a Chen, Tianshi  |e author 
700 |9 893072  |a Chiuso, Alessandro  |e author 
700 |9 893074  |a De Nicolao, Giuseppe  |e author 
700 |9 893073  |a Ljung, Lennart  |e author 
856 |u https://doi.org/10.1007/978-3-030-95860-2  |y Disponible Online. 
942 |2 ddc  |c BK  |n 0 
952 |0 0  |1 0  |2 ddc  |4 0  |7 5  |9 597721  |a BIBGIM  |b BIBGIM  |c ONLINE  |d 2024-11-04  |i 445416  |p 445416  |r 2024-11-04  |w 2024-11-04  |y BK  |k EST